MDQL
is popping MORE tags! Check the
thread
!
Quizzes
Events
Quiz Creation
Community
Videos
Private Events
Remove Ads
Sign In
Join for FREE
Feedback
Dark Mode
Quiz Categories
Sports
Geography
Music
Movies
Television
Just For Fun
Miscellaneous
History
Literature
Language
Science
Gaming
Entertainment
Religion
Holiday
For Kids
Quiz Lab
Recent
Popular Today
Quiz Kudos Today
Editor Picks
Curator Picks
Quizzes by...
Day
Popularity
Type
Ratings
Length
Year
Community
Subscriptions
Recent Discussions
Orange Saloon
Badges
Playlists
Quests
Create
Leaderboards
Showdown
Live 5
Trivia Bingo
Activity
Puzzle Library
Sporcle Events
Private Events
Virtual Trivia
Globe League
Become a Host
Pub Owners
SporcleCon
Opinionation
Our Games
Videos
Blog
Mobile Apps
Partnerships
Remove Ads and Go Orange
Feedback
Just For Fun
Clickable
Get the Picture
Humor
Quick Pick
Word Ladder
Missing Word
Mixed Word
Blitz
Minefield
This or That
Alphabet
Color
Typing
Sporcle
Puzzle
Word Play
Follow That Line
Logic
Just For Fun
Clickable
Get the Picture
Humor
Quick Pick
Word Ladder
Missing Word
Mixed Word
Blitz
Minefield
This or That
Alphabet
Color
Typing
Sporcle
Puzzle
Word Play
Follow That Line
Logic
Random Quiz
Search Sporcle
×
Quiz Lab
Quiz Lab
Just For Fun
TV Show
Type answers based on single images at one time
Type answers based on single images at one time
Slideshow
Best Score? Go Orange.
The 101 Quiz Stats
Can you answer all these questions that has something to do with the number 101?
By
NO_r_WAY
4m
11 Questions
126 Plays
126 Plays
126 Plays
Comments
Comments
Give Quiz Kudos
Give Quiz Kudos
-
- Ratings
hide this ad
Replay
Link that replays current quiz
Next Quiz
Link to next quiz in quiz playlist
You Got
0%
They Got
Avg Score
37%
Avg Friend Score
Upgrade to see
Score Distribution
Jump to the score distribution portion of the page
Score
0/11
Timer
04:00
0
Plays Today
% Correct
101 Dalmatians
97.6%
Introduction
50%
Zastava
39.7%
Mendelevium
36.5%
Honduras
35.7%
26
30.2%
Taipei 101
30.2%
101st Airborne division
27.8%
Departments
27%
Depeche Mode
22.2%
Room 101
18.3%
Quiz Playlist
Details
Report
Send in Message
Add To Playlist
Slideshow:
Type answers based on single images at one time
Last Updated: Feb 16, 2017
Quiz Scoreboard
CHALLENGE
Sign Up to Join the Scoreboard
Show All
Scores
Hide
Comments
May contain spoilers
Recently Published
1-10 Letter E Words III
by El_Dandy
Language
2m
Street Fighter Characters
by Artimus82
Gaming
60s
College Basketball Coaching Resumes
by pancakes188
Sports
9m
More to Explore
Quiz From the Vault
Featured Blog Post
Where Did the Easter Bunny Come From?
hide this ad
You Might Also Like...
Tags
Bands Quiz
Cars Quiz
Country Quiz
Elements Quiz
Grab Bag Quiz
Numbers Quiz
TV Show Quiz
World Quiz
school
Today's Top Quizzes in Just For Fun
Browse Just For Fun
hide this ad
Today's Top Quizzes in TV Show
Browse TV Show
Top Contributed Quizzes in Just For Fun
1
Name Just One - 10 to 1: Just For Fun
2
Killer Double Trees 224 - Colour Match-Up
3
Spring Typing Challenge
4
Crossword Whiteout! 49
5
Zeroing In: Just For Fun
6
Survivor Winners Logic Puzzle
7
Word Ladder: Ahoy Matey
8
Word Ladder: Wilderness Weapon
9
Clickable Animal Jokes #2
10
Kyle's 122nd Triple Trees
Explore More
Trending Topics
Marvel
Harry Potter
Crossword
NBA
Kpop
Anime
Disney
Country
Soccer
Song
The Office
WWE
Puzzle
Pokémon
NFL
hide this ad
More By:
NO_r_WAY
Quiz
Plays
Rating
Category
Featured
Created
Country by Soccer Player
249,060
4.10
Sports
Jul 11, 2016
Country on a Map Per Letter: Europe
171,881
4.63
Geography
Oct 29, 2018
Europe by Soccer Teams
161,819
4.36
Sports
Dec 2, 2016
2018 World Cup Teams
127,241
4.67
Sports
Nov 17, 2017
Ridiculously Obvious Signs
113,282
4.70
Just For Fun
May 30, 2017
Go to Creator's Profile
Score Distribution
Quiz Creator Spotlight
NO_r_WAY
Follow
Send a Message
Quizzes Created
-
Created Quiz Play Count
-
More By This Creator
Popular Quizzes Today
1
Find the US States - No Outlines Minefield
2
Find the Countries of Europe - No Outlines Minefield
3
Find the US States
4
The Countries of the World
5
Risky Map Clicking: Biggest States A-Z
6
US States
7
Popular People in 1961
8
Movies - When Are They Set?
More Just For Fun Quizzes
Missing Word: Misses in Sports
Published
Trending Quizzes
Risky Map Clicking: Least Populous States A-Z
1-10 Letter G Words
Countries of the World: 200 Million BC
1-10 Letter F Words
Risky Map Clicking: Next State Alphabetically
Recently Updated
Largest US Cities 1790-2010
pecheneg
Rides in Walt Disney World
pecheneg
Most Oscar Losses (Acting)
pecheneg
Beyoncé Albums
pecheneg
Leaping Animals
pecheneg
Reality TV Shows (A-Z)
bhenderson79
Rickey Henderson's Hall of Fame Teammates
pecheneg
Champions League XIs: Arsenal
pecheneg
Quick Pick: Celebrities in WWE's Hall of Fame
aduchscher
A-Z Keypad Blitz II
pecheneg
Trending Topics
Crossword
Harry Potter
Marvel
Disney
Kpop
NBA
Anime
Soccer
Pokémon
The Office
Song
Country
WWE
Puzzle
NFL
Your Account Isn't Verified!
In order to create a playlist on Sporcle, you need to verify the email address you used during registration. Go to your
Sporcle Settings
to finish the process.
Report this User
Report this user for behavior that violates our
Community Guidelines
.
Details:
Send Report
Go to the Sporcle.com Mobile Site →
Comments